Género, familias y trabajo: rupturas y continuidades. Desafíos para la investigación política /
La relación entre maternidad y trabajo es un tema aún escaso en Uruguay a pesar del creciente número de trabajadoras madres. El presente artículo tiene como propósito exponer diversos aspectos relativos a la relación entre responsabilidades familiares de cuidado infantil y obligaciones laborales de...
Shranjeno v:
| Glavni avtor: | |
|---|---|
| Drugi avtorji: | , , , , , , , , , |
| Format: | Neznan |
| Izdano: |
Buenso Aires:
CLACSO
|
| Teme: | |
| Oznake: |
Označite
Brez oznak, prvi označite!
|
MARC
| LEADER | 00000 a2200000 04500 | ||
|---|---|---|---|
| 001 | 36017 | ||
| 003 | |||
| 008 | 991231s d | ||
| 040 | |||
| 020 | |a 978-987-1183-72-2 | ||
| 090 | |a 1004 G984g | ||
| 100 | |a Gutiérrez, María Alicia | ||
| 245 | |a Género, familias y trabajo: rupturas y continuidades. Desafíos para la investigación política / |c María Alicia Gutiérrez | ||
| 260 | |a Buenso Aires: |b CLACSO | ||
| 300 | |a 244 p. | ||
| 520 | |a La relación entre maternidad y trabajo es un tema aún escaso en Uruguay a pesar del creciente número de trabajadoras madres. El presente artículo tiene como propósito exponer diversos aspectos relativos a la relación entre responsabilidades familiares de cuidado infantil y obligaciones laborales de las mujeres a partir de una serie de investigaciones recientes finalizadas en el Area de Sociología de las Relaciones de Genero | ||
| 650 | |a TRABAJO | ||
| 650 | |a FAMILIA | ||
| 650 | |a NIÑOS | ||
| 650 | |a GENERO | ||
| 650 | |a MUJERES | ||
| 650 | |a URUGUAY | ||
| 650 | |a LUGAR DE PERMANENCIA DE LOS NIÑOS | ||
| 650 | |a ALTERNATIVAS DE APOYO | ||
| 650 | |a CUOTAS DE LAS GUARDERIAS | ||
| 700 | |a Filgueira, Carlos | ||
| 700 | |a Aguirre, Rosario | ||
| 700 | |a Arriagada, Irma | ||
| 700 | |a Batthyány, Karina | ||
| 700 | |a Wainerman, Catalina | ||
| 700 | |a Bucheli, Marisa | ||
| 700 | |a Oliveira, Orlandina de | ||
| 700 | |a Coleta Oliveira, Maria | ||
| 700 | |a García, Brígida | ||
| 700 | |a Fuller, Norma | ||
| 999 | |c 15912 |d 15912 | ||



